|
|
|
|
| LEADER |
00908pam a22002658a 4500 |
| 001 |
00038011 |
| 005 |
20171026081023.0 |
| 008 |
170514s2010 ||||||Viesd |
| 041 |
0 |
# |
|a Vie
|
| 082 |
1 |
4 |
|a 307
|b GI108TR
|
| 100 |
1 |
# |
|a Nguyễn, Kim Liên
|
| 110 |
1 |
# |
|a Trường ĐH Lao động - xã hội
|
| 245 |
1 |
0 |
|a Giáo trình phát triển cộng đồng
|c Nguyễn Kim Liên
|
| 260 |
# |
# |
|a Hà Nội
|b lao động - xã hội
|c 2010
|
| 300 |
# |
# |
|a 275tr.
|c 24 cm
|
| 490 |
# |
# |
|a ĐTTS: Trường đại học Lao động - Xã hội
|
| 653 |
# |
# |
|a Cộng đồng
|
| 653 |
# |
# |
|a Giáo trình
|
| 653 |
# |
# |
|a Phát triển
|
| 852 |
# |
# |
|b Kho mượn
|j KM.0021376
|
| 852 |
# |
# |
|b Kho đọc
|j KD.0020393
|
| 852 |
# |
# |
|j KM.0021376
|j KD.0020393
|
| 910 |
|
|
|d 14/05/2017
|
| 980 |
# |
# |
|a Trung tâm Học liệu Lê Vũ Hùng, Trường Đại học Đồng Tháp
|